[Event "FICGS rapid B 000166 email"]
[Site "FICGS email"]
[Date "2010.11.29"]
[Round "1"]
[White "Axon, Alexander"]
[Black "Jabot, Daniel"]
[Result "0-1"]
[WhiteElo "1769"]
[BlackElo "1700"]
[PlyCount "34"]
[EventDate "2010.??.??"]
[EventType "tourn (rapid)"]
[EventRounds "6"]
[SourceTitle "Corr 2013"]
[Source "ChessBase"]
[SourceDate "2012.11.12"]
[SourceVersion "1"]
[SourceVersionDate "2012.11.12"]
[SourceQuality "1"]

1. e4 c5 2. Nf3 d6 3. d4 cxd4 4. Nxd4 Nf6 5. Nc3 g6 6. Be3 Bg7 7. f3 0-0 8. Qd2 Nc6 9. 0-0-0 d5 10. exd5 Nxd5 11. Nxc6 bxc6 12. Bd4 e5 13. Bc5 Be6 14. Ne4 Re8 15. h4 h5 16. Bc4 a5 17. g4 Nf4 0-1

[Event "FICGS class C 000162 email"]
[Site "FICGS email"]
[Date "2010.11.27"]
[Round "1"]
[White "Axon, Alexander"]
[Black "Jabot, Daniel"]
[Result "0-1"]
[WhiteElo "1769"]
[BlackElo "1700"]
[PlyCount "34"]
[EventDate "2010.??.??"]
[EventType "tourn (corr)"]
[EventRounds "6"]
[SourceTitle "Corr 2013"]
[Source "ChessBase"]
[SourceDate "2012.11.12"]
[SourceVersion "1"]
[SourceVersionDate "2012.11.12"]
[SourceQuality "1"]

1. e4 c5 2. Nf3 d6 3. d4 cxd4 4. Nxd4 Nf6 5. Nc3 g6 6. Be3 Bg7 7. f3 0-0 8. Qd2 Nc6 9. 0-0-0 d5 10. exd5 Nxd5 11. Nxc6 bxc6 12. Bd4 e5 13. Bc5 Be6 14. Ne4 Rb8 15. Bc4 Re8 16. Bb3 a5 17. h4 h6 0-1

[Event "FICGS theme 0001 email"]
[Site "FICGS email"]
[Date "2010.09.18"]
[Round "1"]
[White "Leclerc, Luc Olivier"]
[Black "Axon, Alexander"]
[Result "0-1"]
[WhiteElo "1800"]
[BlackElo "1800"]
[PlyCount "24"]
[EventDate "2010.??.??"]
[EventType "swiss (corr)"]
[EventRounds "1"]
[SourceTitle "Corr 2013"]
[Source "ChessBase"]
[SourceDate "2012.11.12"]
[SourceVersion "1"]
[SourceVersionDate "2012.11.12"]
[SourceQuality "1"]

1. e4 Nf6 2. Nc3 e5 3. Nf3 Nc6 4. d4 exd4 5. Nxd4 Bb4 6. Nxc6 bxc6 7. Bd3 d5 8. exd5 cxd5 9. 0-0 0-0 10. Bg5 c6 11. Qf3 Bd6 12. Rfe1 h6 0-1

[Event "FICGS class B 000097 email"]
[Site "FICGS email"]
[Date "2010.01.12"]
[Round "1"]
[White "Axon, Alexander"]
[Black "Valentin, Florea"]
[Result "1/2-1/2"]
[WhiteElo "1800"]
[BlackElo "1931"]
[PlyCount "61"]
[EventDate "2010.??.??"]
[EventType "tourn (corr)"]
[EventRounds "5"]
[SourceTitle "Corr 2013"]
[Source "ChessBase"]
[SourceDate "2012.11.12"]
[SourceVersion "1"]
[SourceVersionDate "2012.11.12"]
[SourceQuality "1"]

1. e4 c5 2. Nf3 d6 3. d4 cxd4 4. Nxd4 Nf6 5. Nc3 Nc6 6. Bg5 e6 7. Qd2 a6 8. 0-0-0 Bd7 9. f4 Be7 10. Nf3 b5 11. e5 dxe5 12. fxe5 Nd5 13. Nxd5 exd5 14. Bxe7 Nxe7 15. Bd3 Rc8 16. Rhf1 h6 17. Kb1 0-0 18. Nd4 Qb6 19. h3 b4 20. g4 Rce8 21. Rde1 a5 22. Bf5 Be6 23. Rf4 Nc6 24. Nxe6 fxe6 25. Bg6 Rc8 26. Ref1 Qc5 27. Bf7+ Rxf7 28. Rxf7 Nxe5 29. Rb7 Qc6 30. Ra7 Qb6 31. Qf2 1/2-1/2

[Event "FICGS class C 000133 email"]
[Site "FICGS email"]
[Date "2010.01.10"]
[Round "1"]
[White "Axon, Alexander"]
[Black "Eriksson, Joel"]
[Result "1-0"]
[WhiteElo "1800"]
[BlackElo "1725"]
[PlyCount "21"]
[EventDate "2010.??.??"]
[EventType "tourn (corr)"]
[EventRounds "1"]
[SourceTitle "Corr 2013"]
[Source "ChessBase"]
[SourceDate "2012.11.12"]
[SourceVersion "1"]
[SourceVersionDate "2012.11.12"]
[SourceQuality "1"]

1. e4 Nc6 2. Nf3 e5 3. Bb5 f5 4. Nc3 fxe4 5. Nxe4 Nf6 6. Nxf6+ Qxf6 7. Qe2 Be7 8. Bxc6 dxc6 9. Nxe5 Bf5 10. 0-0 0-0 11. d4 1-0

[Event "FICGS class C 000133 email"]
[Site "FICGS email"]
[Date "2010.01.10"]
[Round "1"]
[White "D'Ottavio, Aldo"]
[Black "Axon, Alexander"]
[Result "1-0"]
[WhiteElo "1647"]
[BlackElo "1800"]
[PlyCount "39"]
[EventDate "2010.??.??"]
[EventType "tourn (corr)"]
[EventRounds "1"]
[SourceTitle "Corr 2013"]
[Source "ChessBase"]
[SourceDate "2012.11.12"]
[SourceVersion "1"]
[SourceVersionDate "2012.11.12"]
[SourceQuality "1"]

1. e4 e5 2. Nf3 Nf6 3. Nxe5 d6 4. Nf3 Nxe4 5. d4 d5 6. Bd3 Nc6 7. 0-0 Be7 8. c4 Nb4 9. cxd5 Nxd3 10. Qxd3 Qxd5 11. Re1 Bf5 12. g4 Bg6 13. Nc3 Nxc3 14. Qxc3 f6 15. Qxc7 Qd7 16. Bf4 Qxc7 17. Bxc7 Kd7 18. Nh4 Bf7 19. a3 g6 20. Rac1 1-0

[Event "FICGS rapid B 000137 email"]
[Site "FICGS email"]
[Date "2010.01.08"]
[Round "1"]
[White "Leclerc, Luc Olivier"]
[Black "Axon, Alexander"]
[Result "0-1"]
[WhiteElo "1800"]
[BlackElo "1800"]
[PlyCount "24"]
[EventDate "2010.??.??"]
[EventType "tourn (rapid)"]
[EventRounds "6"]
[SourceTitle "Corr 2013"]
[Source "ChessBase"]
[SourceDate "2012.11.12"]
[SourceVersion "1"]
[SourceVersionDate "2012.11.12"]
[SourceQuality "1"]

1. f4 e5 2. e4 exf4 3. Nf3 g5 4. Bc4 g4 5. 0-0 gxf3 6. Qxf3 Qf6 7. e5 Qxe5 8. Bxf7+ Kxf7 9. d4 Qf5 10. g4 Qg6 11. Qxf4+ Nf6 12. g5 Be7 0-1

[Event "FICGS rapid B 000137 email"]
[Site "FICGS email"]
[Date "2010.01.08"]
[Round "1"]
[White "Wilson, Norman C"]
[Black "Axon, Alexander"]
[Result "1-0"]
[WhiteElo "1714"]
[BlackElo "1800"]
[PlyCount "105"]
[EventDate "2010.??.??"]
[EventType "tourn (rapid)"]
[EventRounds "6"]
[SourceTitle "Corr 2013"]
[Source "ChessBase"]
[SourceDate "2012.11.12"]
[SourceVersion "1"]
[SourceVersionDate "2012.11.12"]
[SourceQuality "1"]

1. e4 c5 2. Nf3 d6 3. d4 cxd4 4. Nxd4 Nf6 5. Nc3 Nc6 6. Be2 g6 7. Be3 Bg7 8. 0-0 0-0 9. Re1 Bd7 10. Nb3 Rc8 11. f3 Ne5 12. Bxa7 Rxc3 13. bxc3 b6 14. Qd4 Nc6 15. Qxb6 Qa8 16. a4 Qxa7 17. Qxa7 Nxa7 18. Ba6 Ne8 19. Nd4 Nc7 20. Bd3 Ne6 21. Ne2 Ra8 22. a5 Nb5 23. Bxb5 Bxb5 24. Ra3 Ba6 25. Kf2 Kf8 26. Rb1 Ke8 27. g3 Kd7 28. Rb6 Kc7 29. Rb1 g5 30. Ke3 h5 31. Nc1 Nc5 32. Nd3 e6 33. h3 h4 34. gxh4 gxh4 35. Nb4 Bc4 36. Kf2 Nd7 37. a6 Ra7 38. Rg1 Be5 39. Ke3 Bg3 40. f4 Nf6 41. Rga1 d5 42. exd5 Nxd5+ 43. Kd4 Nb6 44. Nd3 Bd5 45. Ra5 Nd7 46. Rxd5 exd5 47. Kxd5 Nb8 48. Ke5 Nxa6 49. c4 Kb6 50. Rb1+ Kc7 51. Ra1 Kb7 52. Kf6 Kb8 53. Ra2 1-0